Дело о назначении ординаторами клиники Харьковского университета лекарей В. Шеметова, П. Малиновского и Л. Жуховского, выпущенны...

Доступно только в Электронных читальных залах Найти на картеНа карте
RUSMARC
00004402nmc2a2200000 x 450
0015b954b74-cda2-4240-ac4e-5e3e1252d0d7
00520151215151926.0
100##$a20150826l18521855k l0rusy0189 ca
1010#$arus
102##$aRU
2001#$aДело о назначении ординаторами клиники Харьковского университета лекарей В. Шеметова, П. Малиновского и Л. Жуховского, выпущенных из числа своекоштных студентов
$j5 августа 1852 г. - 13 сентября 1855 г.
251##$cДело
300##$aДело
300##$aОриг. заголовок дела: Дело об определении на службу своекоштных медицинских студентов Харьковского университета Шеметова, Малиновского и Жуховского ординаторами клиники при университете. Тут же об экипировочных деньгах. Тут же об увольнении Шеметова о службы за выслугою положенного срока. 5 августа 1852 г. - 13 сентября 1855 г
801#0$aRU
$bРГИА
$c20150826
$gRCR
801#1$aRU
$bГлавНИВЦ
$c20150826
$2rusmarc
801#2$aRU
$bПБ им. Б.Н. Ельцина
$c20151215
$gRCR
$2rusmarc
850##$aРГИА
852##$aРГИА
$eФедеральное казенное учреждение "Российский государственный исторический архив" (РГИА)
$j563
937##$hРГИА
$d12159071
$aASBIBLIO_SCAN
462#0$100110dcdccd-ec79-4ee8-a204-b9d031b41c04
$12001
$aМедицинские дела Департамента народного просвещения
$1251
$cОпись
$1852
$j99
461#0$1001a74412a3-3cc5-4d21-8f0a-dfe2fbd9e72d
$12001
$aДепартамент народного просвещения Министерства народного просвещения
$1251
$cФонд
$1852
$j733
215##$a28 л.
$d36,5х26 см
371##$aДокумент не является опубликованным и широко распространяемым
105##$ay###
1222#$ad
5171#$aДело об определении на службу своекоштных медицинских студентов Харьковского университета Шеметова, Малиновского и Жуховского ординаторами клиники при университете. Тут же об экипировочных деньгах. Тут же об увольнении Шеметова о службы за выслугою положенного срока. 5 августа 1852 г. - 13 сентября 1855 г
035##$a5b954b74-cda2-4240-ac4e-5e3e1252d0d7
Формат отображения